The dynamic self : activities to enhance infant development /

Bibliographic Details
Main Author: Bailey, Rebecca Anne, 1952-
Other Authors: Burton, Elsie Carter
Format: Book
Language:English
Published: St. Louis : Mosby, 1982.
Subjects:

MARC

Tag First Indicator Second Indicator Subfields
LEADER 00000pam a2200000 a 4500
001 in00000090252
005 20151008065645.0
008 810720s1982 moua b 00110 eng
010 |a  81011220  
020 |a 0801604389 
035 |a (OCoLC)07671292 
035 |9 AAK6340AM 
039 0 |a 2  |b 3  |c 3  |d 3  |e 3 
040 |a DLC  |c DLC  |d TXA  |d UtOrBLW 
049 |a TXAM  |c [1633344] 
050 0 0 |a BF720 S44  |b  B34 
082 0 |a 649/.5  |2 19 
100 1 |a Bailey, Rebecca Anne,  |d 1952- 
245 1 4 |a The dynamic self :  |b activities to enhance infant development /  |c Rebecca Anne Bailey, Elsie Carter Burton. 
264 1 |a St. Louis :  |b Mosby,  |c 1982. 
300 |a viii, 195 pages :  |b illustrations ;  |c 24 cm. 
336 |a text  |b txt  |2 rdacontent 
337 |a unmediated  |b n  |2 rdamedia 
338 |a volume  |b nc  |2 rdacarrier 
500 |a Includes index. 
504 |a Bibliography: pages 188-189. 
650 0 |a Infant psychology. 
650 0 |a Self-perception in children. 
650 0 |a Perceptual-motor learning. 
650 0 |a Exercise for children. 
650 0 |a Play. 
650 0 |a Interpersonal communication in children. 
700 1 |a Burton, Elsie Carter. 
999 |a MARS 
999 f f |s 7611977f-140b-3eb1-835c-f6a95ae5b547  |i 065fbe98-ffc3-35b6-a01f-e89370463e6f  |t 0 
952 f f |p ric  |a Texas A&M University  |b Rellis Campus  |c Joint Library Facility  |d Remote Storage  |t 0  |e BF720 S44 B34  |h Library of Congress classification  |i unmediated -- volume  |m A14805990786 
998 f f |a BF720 S44 B34  |t 0  |l Remote Storage